000 00445nam a22001457a 4500
003 OSt
005 20250311105350.0
008 250311b |||||||| |||| 00| 0 eng d
040 _cMRSPTU
100 _aLangiana, Sadhu Ram ( ਲੰਗੇਆਣਾ, ਸਾਧੂ ਰਾਮ )
245 _aBootan De Sirnave ( ਭੂਤਾਂ ਦੇ ਸਿਰਨਾਵੇਂ )
260 _aMohali
_bLokgeet Parkashan
_c2024
300 _a120
942 _2ddc
_cBK
_n0
999 _c10491
_d10491